Máquinas y circuitos eléctricos: introducción a la electricidad práctica
Պահպանված է:
| Հիմնական հեղինակ: | |
|---|---|
| Ձևաչափ: | Գիրք |
| Լեզու: | իսպաներեն |
| Հրապարակվել է: |
Madrid
Del Castillo
1967
|
| Հրատարակություն: | 3a. ed |
| Խորագրեր: | |
| Ցուցիչներ: |
Ավելացրեք ցուցիչ
Չկան պիտակներ, Եղեք առաջինը, ով նշում է այս գրառումը!
|
MARC
| LEADER | 00000nam a2200000 a 4500 | ||
|---|---|---|---|
| 001 | UCU5344 | ||
| 003 | CL-VaPUC | ||
| 005 | 20220825074452.0 | ||
| 008 | 960531e19670000SP |||||||||||||||||spa|d | ||
| 999 | |c 248739 |d 248737 | ||
| 040 | |c Pontificia Universidad Católica de Valparaíso | ||
| 082 | 0 | 4 | |a 621.313 |b LIS |2 21 |
| 100 | |a Lister, Eugene C. |e autor |9 363313 | ||
| 245 | 1 | 0 | |a Máquinas y circuitos eléctricos: introducción a la electricidad práctica |
| 250 | |a 3a. ed | ||
| 260 | |a Madrid |b Del Castillo |c 1967 | ||
| 300 | |a 374 p | ||
| 583 | |a last modification |c 20121219 10:55:19 |k Rodrigo Vera | ||
| 650 | 0 | |a Motores eléctricos |9 260085 | |
| 650 | 7 | |a CORRIENTES CONTINUAS |2 CL-VaPUC |9 324433 | |
| 650 | 7 | |a MOTORES DE CORRIENTE CONTINUA |2 CL-VaPUC |9 363064 | |
| 650 | 7 | |a CABLES ELECTRICOS |2 CL-VaPUC |9 263131 | |
| 650 | 7 | |a CORRIENTES ALTERNAS |2 CL-VaPUC |9 263344 | |
| 650 | 0 | |a Circuitos eléctricos |9 260262 | |
| 650 | 0 | |a Transformadores |9 345471 | |
| 942 | |c BK |2 ddc | ||
| 945 | |d 19960531 00:00:00 |a paguirre | ||
| 952 | |0 0 |1 0 |4 0 |6 621_313000000000000_LIS_1967 |7 0 |8 A |9 265559 |a BIBING |b BIBING |d 2019-11-19 |i 167188K |o 621.313 LIS 1967 |p 167188K |r 2025-01-20 |w 2019-11-19 |y BK |k EIE | ||